Statistics for 10 Biggest US Cities... #2

Click here to take the quiz!

General Stats

  • This quiz has been taken 364 times
  • The average score is 56 of 100

Answer Stats

#PopulationStateUS City% Correct
18'550'000NYNew York
96%
18'550'000NYNew York
96%
18'550'000NYNew York City
96%
4932'000TXAustin
94%
31'300'000TXDallas
94%
12'296'000TXHouston
94%
2453'000VAVirginia Beach
93%
21'470'000TXSan Antonio
92%
2683'000CODenver
91%
1451'000NCRaleigh
91%
1677'000MIDetroit
90%
11'563'000AZPhoenix
90%
2388'000OHCleveland
88%
6681'000TXEl Paso
88%
1474'000CALong Beach
88%
1850'000OHColumbus
87%
3193'000UTSalt Lake City
87%
5833'000TXFort Worth
85%
3559'000NMAlbuquerque
84%
2390'000LANew Orleans
84%
3241'000NVReno
84%
3299'000OHCincinnati
83%
4220'000VARichmond
83%
4532'000AZTucson
83%
6457'000COColorado Springs
81%
10112'000MNRochester
79%
5210'000NYRochester
79%
6115'000MILansing
77%
11'567'000PAPhiladelphia
77%
6141'000OHDayton
75%
3282'000NJNewark
75%
5130'000CTNew Haven
74%
5197'000OHAkron
73%
2472'000AZMesa
72%
5472'000AZMesa
72%
4280'000OHToledo
72%
2195'000MIGrand Rapids
70%
8324'000TXCorpus Christi
69%
692'000FLMiami Beach
69%
787'000CANewport Beach
68%
887'000CANewport Beach
68%
5117'000MIAnn Arbor
66%
8359'000COAurora
65%
7359'000COAurora
65%
2235'000NVNorth Las Vegas
64%
7388'000TXArlington
63%
798'000MIFlint
60%
2322'000CARiverside
59%
8261'000AZChandler
58%
3464'000GAAtlanta
57%
10241'000AZGlendale
56%
4182'000VANewport News
56%
5475'000MOKansas City
55%
10255'000TXLaredo
55%
9284'000TXPlano
54%
9248'000AZGilbert
52%
5107'000FLWest Palm Beach
52%
6107'000FLWest Palm Beach
52%
3202'000CAHuntington Beach
50%
7148'000ILRockford
50%
7369'000FLTampa
50%
9249'000TXLubbock
46%
4179'000FLPort Saint Lucie
46%
2868'000FLJacksonville
45%
3631'000OKOklahoma City
44%
965'000OHYoungstown
44%
5136'000UTWest Valley City
42%
895'000MIDearborn
40%
4444'000NEOmaha
39%
789'000MANewton
36%
5403'000OKTulsa
36%
695'000MANew Bedford
35%
4132'000MISterling Heights
35%
3135'000MIWarren
35%
4600'000WIMilwaukee
34%
980'000NYNew Rochelle
34%
872'000OHCanton
32%
6390'000KSWichita
32%
9116'000TXRound Rock
30%
9335'000CASanta Ana
29%
1064'000IAWest Des Moines
28%
967'000ARNorth Little Rock
27%
6419'000CAOakland
27%
4108'000FLPompano Beach
25%
6175'000CARancho Cucamonga
24%
1068'000CARedondo Beach
22%
10246'000VANorfolk
21%
8130'000CARoseville
21%
995'000MILivonia
20%
780'000OHParma
20%
1083'000MITroy
20%
7374'000CABakersfield
19%
1073'000CTNew Britain
19%
1064'000OHLorain
15%
974'000FLBoynton Beach
13%
10266'000CAChula Vista
13%
8307'000CAStockton
13%
880'000FLDeerfield Beach
12%
769'000TXNorth Richland Hills
7%
867'000CASouth San Francisco
7%

Score Distribution

Percentile by Number Answered

Percent of People with Each Score

Your Score History

You have not taken this quiz